<?xml version="1.0" encoding="UTF-8"?>
<record
    xmlns:xsi="http://www.w3.org/2001/XMLSchema-instance"
    xsi:schemaLocation="http://www.loc.gov/MARC21/slim http://www.loc.gov/standards/marcxml/schema/MARC21slim.xsd"
    xmlns="http://www.loc.gov/MARC21/slim">

  <leader>00594nam a22000977a 4500</leader>
  <datafield tag="999" ind1=" " ind2=" ">
    <subfield code="c">2923</subfield>
    <subfield code="d">2923</subfield>
  </datafield>
  <controlfield tag="008">190410|           ||| | ||||||0| ||spa d</controlfield>
  <datafield tag="245" ind1=" " ind2=" ">
    <subfield code="a">Hueso Sacro</subfield>
  </datafield>
  <datafield tag="300" ind1=" " ind2=" ">
    <subfield code="e">Hueso Sacro</subfield>
  </datafield>
  <datafield tag="653" ind1=" " ind2=" ">
    <subfield code="a">Situado en la parte posterior de la pelvis,inferiormente a la columna lumbar y entre los dos huesos coxales.</subfield>
    <subfield code="a">Resultado de la uni&#xF3;n de cinco v&#xE9;tebras sacras.</subfield>
    <subfield code="a">Promontorio: &#xE1;ngulo obtuso que forma con la columna lumbar.</subfield>
    <subfield code="a">Hueso incurvado,con su concavidad orientada anteriormente.</subfield>
    <subfield code="a">Forma de pir&#xE1;mide cuadrangular, aplanada de anterior a posterior, de base superior y v&#xE9;rtice inferior.</subfield>
  </datafield>
  <datafield tag="942" ind1=" " ind2=" ">
    <subfield code="c">HUESOS</subfield>
    <subfield code="2">ddc</subfield>
  </datafield>
  <datafield tag="952" ind1=" " ind2=" ">
    <subfield code="0">0</subfield>
    <subfield code="1">0</subfield>
    <subfield code="2">ddc</subfield>
    <subfield code="4">0</subfield>
    <subfield code="7">0</subfield>
    <subfield code="a">BFM</subfield>
    <subfield code="b">BFM</subfield>
    <subfield code="c">CR</subfield>
    <subfield code="d">2019-04-23</subfield>
    <subfield code="e">Donaci&#xF3;n Grecia Santill&#xE1;n, Abril 2019.</subfield>
    <subfield code="l">48</subfield>
    <subfield code="p">HS24</subfield>
    <subfield code="r">2025-03-14</subfield>
    <subfield code="s">2025-03-14</subfield>
    <subfield code="t">Ej. 1</subfield>
    <subfield code="w">2019-04-23</subfield>
    <subfield code="y">HUESOS</subfield>
    <subfield code="z">Donaci&#xF3;n Grecia Santill&#xE1;n, Abril 2019.</subfield>
  </datafield>
  <datafield tag="952" ind1=" " ind2=" ">
    <subfield code="0">0</subfield>
    <subfield code="1">0</subfield>
    <subfield code="2">ddc</subfield>
    <subfield code="4">0</subfield>
    <subfield code="7">0</subfield>
    <subfield code="a">BFM</subfield>
    <subfield code="b">BFM</subfield>
    <subfield code="c">CR</subfield>
    <subfield code="d">2022-04-27</subfield>
    <subfield code="e">Donaci&#xF3;n Vera, Yael abril 2022</subfield>
    <subfield code="l">5</subfield>
    <subfield code="p">HS114</subfield>
    <subfield code="r">2025-03-12</subfield>
    <subfield code="s">2025-03-12</subfield>
    <subfield code="t">Ej. 2</subfield>
    <subfield code="w">2022-04-27</subfield>
    <subfield code="y">HUESOS</subfield>
    <subfield code="z">Donaci&#xF3;n Vera, Yael abril 2022</subfield>
    <subfield code="f"></subfield>
  </datafield>
  <datafield tag="952" ind1=" " ind2=" ">
    <subfield code="0">0</subfield>
    <subfield code="1">0</subfield>
    <subfield code="2">ddc</subfield>
    <subfield code="4">0</subfield>
    <subfield code="7">0</subfield>
    <subfield code="a">BFM</subfield>
    <subfield code="b">BFM</subfield>
    <subfield code="c">CR</subfield>
    <subfield code="d">2022-04-27</subfield>
    <subfield code="e">Donaci&#xF3;n Vera, Yael abril 2022</subfield>
    <subfield code="l">30</subfield>
    <subfield code="p">HS115</subfield>
    <subfield code="r">2025-03-28</subfield>
    <subfield code="s">2025-03-28</subfield>
    <subfield code="t">Ej. 3</subfield>
    <subfield code="w">2022-04-27</subfield>
    <subfield code="y">HUESOS</subfield>
    <subfield code="z">Donaci&#xF3;n Vera, Yael abril 2022</subfield>
    <subfield code="f"></subfield>
  </datafield>
  <datafield tag="952" ind1=" " ind2=" ">
    <subfield code="0">0</subfield>
    <subfield code="1">0</subfield>
    <subfield code="2">ddc</subfield>
    <subfield code="4">0</subfield>
    <subfield code="7">0</subfield>
    <subfield code="a">BFM</subfield>
    <subfield code="b">BFM</subfield>
    <subfield code="c">CR</subfield>
    <subfield code="d">2025-03-20</subfield>
    <subfield code="e">Donaci&#xF3;n Marzo 2025</subfield>
    <subfield code="l">0</subfield>
    <subfield code="p">HS166</subfield>
    <subfield code="r">2025-03-20</subfield>
    <subfield code="t">Ej. 4</subfield>
    <subfield code="w">2025-03-20</subfield>
    <subfield code="y">HUESOS</subfield>
    <subfield code="z">Donaci&#xF3;n Marzo 2025</subfield>
    <subfield code="f"></subfield>
  </datafield>
</record>
